Szeherezada / (Rekord nr 26868)
| 000 -Nagłówek | |
|---|---|
| fixed length control field | 01818cam a2200469 i 4500 |
| 001 - Nr kontrolny bibl., która utworzyła rek. | |
| control field | xx001780544 |
| 003 - Siglum bibl., której nr kontr. jest w 001 | |
| control field | NUKAT |
| 005 - Data i czas ostatniej operacji | |
| control field | 20260309140954.0 |
| 008 - Elementy pola stałej długości | |
| fixed length control field | 001213s2000 pl a |000 1 pol c |
| 020 ## - ISBN | |
| ISBN | 8390479869 |
| dopowiedzenie | (oprawa twarda) |
| 035 ## - Systemowy numer kontrolny | |
| systemowy numer kontrolny | (OCoLC)751481877 |
| 035 ## - Systemowy numer kontrolny | |
| systemowy numer kontrolny | (NUKAT)xx001780544 |
| 040 ## - Instytucja sporządzająca opis | |
| Instytucja, która sporządziła opis | NUKAT |
| język katalgowania-trzyzn. kod | pol |
| zasady opisu | rda |
| Instytucja, która sporządziła rekord | KR U/MM |
| Instytucja, która zmodyfikowała rekord | OLSZT 008/bak |
| 045 2# - Okres czasu dla zawartości | |
| czas między r. 9999 pne a nasz. czas. | d1970 |
| -- | d1986 |
| 046 ## - Kod rodz. daty, data1, data2 (daty pne) | |
| Begin/single date | 2000 |
| 100 1# - Hasło główne-nazwa osobowa | |
| Nazwa osobowa | Dąbrowski, Jan |
| Daty biograficzne | (1942-2024). |
| rodzaj współpracy | Autor |
| -- | Fotografie |
| 9 (RLIN) | 12618 |
| 245 10 - Tytuł właściwy i oznaczenie odpow. | |
| tytuł | Szeherezada / |
| dod. inf. ze s. tyt./ozn. odpow. | Jan Dąbrowski ; Witold Olszewski, rysunki. |
| 250 ## - Oznaczenie wydania | |
| oznaczenie wydania | Wydanie pierwsze. |
| 260 ## - Adres wydawniczy | |
| miejsce wydania, dystrybucji itp. | Olsztyn : |
| nazwa wydawcy, dystrybutora itp. | Oficyna Druków Niskonakładowych, |
| data wydania, dystrybucji itp. | 2000. |
| 300 ## - Opis fizyczny | |
| objętość i/lub forma materiału | 149, [3] strony, [15] strony tablic kolorowych : |
| inne szczegóły opisu fizycznego | ilustracje ; |
| format | 21 cm. |
| 336 ## - Content Type | |
| Term | Tekst |
| Code | txt |
| Source | rdacontent |
| 337 ## - Media Type | |
| Term | Bez urządzenia pośredniczącego |
| Code | n |
| Source | rdamedia |
| 338 ## - Carrier Type | |
| Term | Wolumin |
| Code | nc |
| Source | rdacarrier |
| 380 ## - Form of work | |
| Form of work | Książki |
| 380 ## - Form of work | |
| Form of work | Proza |
| 386 ## - Creator/Contributor Characteristics | |
| Demographic group term | Przynależność kulturowa |
| Creator/contributor term | Literatura polska |
| 388 1# - TIME PERIOD OF CREATION | |
| Time period of creation term | 1901-2000 |
| 500 ## - Uwaga ogólna | |
| uwaga ogólna | Kolejne oznaczenie odpowiedzialności na stronie redakcyjnej. |
| 600 17 - Hasło przedmiotowe-nazwa osobowa | |
| nazwa osobowa | Dąbrowski, Jan |
| daty biograficzne | (1942-2024) |
| źródło hasła | DBN |
| 9 (RLIN) | 12618 |
| 648 #7 - SUBJECT ADDED ENTRY--CHRONOLOGICAL TERM | |
| Chronological term | 1901-2000 |
| Source of heading or term | DBN |
| 9 (RLIN) | 34996 |
| 648 #7 - SUBJECT ADDED ENTRY--CHRONOLOGICAL TERM | |
| Chronological term | 1945-1989 |
| Source of heading or term | DBN |
| 9 (RLIN) | 36043 |
| 648 #7 - SUBJECT ADDED ENTRY--CHRONOLOGICAL TERM | |
| Chronological term | 1989-2000 |
| Source of heading or term | DBN |
| 9 (RLIN) | 36156 |
| 650 #7 - Hasło przedmiotowe-nazwa pospolita | |
| nazwa pospolita lub geogr. | Polacy |
| określnik geograficzny | Algieria |
| określnik chronologiczny | 19 w. |
| źródło hasła | kaba |
| 9 (RLIN) | 37674 |
| 651 #7 - Hasło przedmiotowe-nazwa geogr. | |
| nazwa geograficzna | Sahara (pustynia) |
| źródło hasła | DBN |
| 9 (RLIN) | 36547 |
| 651 #7 - Hasło przedmiotowe-nazwa geogr. | |
| nazwa geograficzna | Algieria |
| określnik rzeczowy | opisy i relacje z podróży |
| określnik chronologiczny | 1970-2000. |
| źródło hasła | kaba |
| 9 (RLIN) | 37675 |
| 651 #7 - Hasło przedmiotowe-nazwa geogr. | |
| nazwa geograficzna | Andaluzja (Hiszpania ; region autonomiczny) |
| określnik rzeczowy | opisy i relacje z podróży |
| określnik chronologiczny | 1970-2000. |
| źródło hasła | kaba |
| 9 (RLIN) | 37676 |
| 655 #7 - Termin określający rodzaj/formę | |
| rodzaj/forma | Literatura podróżnicza |
| źródło terminu | DBN |
| 9 (RLIN) | 37125 |
| 700 1# - Hasło dodatkowe - nazwa osobowa | |
| nazwa osobowa | Olszewski, Witold |
| daty biograficzne | (1941-2017). |
| rodzaj współpracy | Ilustracje |
| 9 (RLIN) | 37672 |
| 710 2# - Hasło dodatkowe - nazwa ciała zbior. | |
| nazwa ciała zbior. lub nazwa geogr. | Oficyna Druków Niskonakładowych. |
| rodzaj współpracy | Wydawca |
| kod rodzaju współpracy | pbl |
| 9 (RLIN) | 37673 |
| 920 ## - ISBN | |
| ISBN | 83-904798-6-9 (oprawa twarda) |
| 942 ## - ADDED ENTRY ELEMENTS (KOHA) | |
| Source of classification or shelving scheme | Dewey Decimal Classification |
| Koha item type | pozycje dostępne na miejscu |
| Status wycofania | Status zagubienia | Klasyfikacja | Status uszkodzenia | Blokada wypożyczeń | Kolekcja | Lokalizacja macierzysta | Lokalizacja bieżąca | Data nabycia | Numer akcesji | Źródło akcesji | Cena | Nr inwentarzowy | il. wypożyczeń | Sygnatura | Kod kreskowy | Date last seen | Price effective from | Typ egz. |
|---|---|---|---|---|---|---|---|---|---|---|---|---|---|---|---|---|---|---|
| Dewey Decimal Classification | nieuszkodzona | książka w magazynie | Biblioteka Instytutu Północnego w Olsztynie | Biblioteka Instytutu Północnego w Olsztynie | 03/03/2026 | D-18/2026 | dar | 9.00 | 73812 | 73812 | IPWK22018 | 09/03/2026 | 09/03/2026 | pozycje dostępne na miejscu |